| 000 | 00681nam a2200253Ia 4500 | ||
|---|---|---|---|
| 003 | OSt | ||
| 005 | 20220918222848.0 | ||
| 006 | a|||||r|||| 00| 0 | ||
| 007 | ta | ||
| 008 | 220917b |||||||| |||| 00| 0 eng d | ||
| 024 | _a219,111 | ||
| 037 | _cTextual | ||
| 040 |
_aARTS _cARTS _beng |
||
| 041 |
_2eng _aeng |
||
| 082 | _aW:5, N9 | ||
| 100 |
_aPettit Philip _929843 |
||
| 245 | 0 |
_aRepublicanism _b A theory of freedom and government |
|
| 260 |
_aOxford _bOxford Uni. press _c1999 |
||
| 300 |
_ax, 328p _ccm. |
||
| 490 | _aOxford political theory | ||
| 650 | _aPOLITICAL SCIENCE | ||
| 942 |
_hW:5, N9 _cTEXL _2CC |
||
| 999 |
_c276678 _d276678 |
||